[Event "DVM U16 2014"]
[Site "Magdeburg GER"]
[Date "2014.12.27"]
[Round "2"]
[White "Brungs, Sven"]
[Black "Wiesner, Alexander"]
[Result "1-0"]
[Termination "normal"]
[Board "7.2"]
[WhiteElo "1891"]
[BlackElo "1799"]
[WhiteTeam "SG Porz"]
[BlackTeam "Karlsruher SF 1853"]
[PlyCount "71"]
[WhiteFideId "12946257"]
[BlackFideId "12943991"]
[EventCountry "GER"]
[EventRounds "7"]
[EventType "team-swiss"]
[EventDate "2014.12.26"]

1. d4 d5 2. c4 Nc6 3. cxd5 Qxd5 4. Nf3 e6 5. a3 Nf6 6. Nc3 Qd8 7. e4 Be7 8. Bc4
O-O 9. O-O Re8 10. b4 a6 11. Bb2 Bf8 12. Re1 Qe7 13. Qc2 Rd8 14. Rad1 Nd7 15.
Bb3 Nb6 16. Bc1 Bd7 17. e5 Qe8 18. Ng5 g6 19. Nge4 Bg7 20. Bg5 Ne7 21. Nf6+
Bxf6 22. Bxf6 Bc6 23. Ne4 Bxe4 24. Qxe4 c6 25. Re3 Nbd5 26. Rh3 Nxf6 27. exf6
Nf5 28. g4 Nd6 29. Qe3 Kh8 30. Rh6 Rd7 31. Rd3 Qd8 32. Qf4 Nb5 33. Rdh3 Qg8 34.
Qe3 Nd6 35. R3h4 Ne8 36. g5 1-0

[Event "DVM U16 2014"]
[Site "Magdeburg GER"]
[Date "2014.12.27"]
[Round "2"]
[White "Joeres, Stefan"]
[Black "Niesel, Tobias"]
[Result "1/2-1/2"]
[Termination "normal"]
[Board "7.3"]
[WhiteElo "1653"]
[BlackElo "1806"]
[WhiteTeam "Karlsruher SF 1853"]
[BlackTeam "SG Porz"]
[PlyCount "85"]
[WhiteFideId "12983160"]
[BlackFideId "12962155"]
[EventCountry "GER"]
[EventRounds "7"]
[EventType "team-swiss"]
[EventDate "2014.12.26"]

1. e4 c6 2. d4 d5 3. Nd2 dxe4 4. Nxe4 Nf6 5. Ng3 e5 6. Nf3 exd4 7. Qxd4 Qxd4 8.
Nxd4 Bc5 9. Nb3 Bb6 10. Bc4 O-O 11. O-O Re8 12. Bf4 Be6 13. Bxe6 fxe6 14. Rad1
Nbd7 15. Bd6 a5 16. Nd2 Bd8 17. Nge4 Be7 18. Nxf6+ Nxf6 19. Nc4 Nd5 20. Bxe7
Rxe7 21. Ne5 Rc8 22. c4 Nb4 23. a3 Na6 24. Rd2 g6 25. Rfd1 Kg7 26. f3 Nc5 27.
b4 axb4 28. axb4 Na6 29. b5 cxb5 30. cxb5 Nc7 31. Rd7 Rce8 32. R1d6 Nxb5 33.
Rxe6 Rxd7 34. Rxe8 Rc7 35. Kf2 Nd6 36. Rd8 Nf5 37. g4 Ne7 38. Ke3 Nc6 39. Nxc6
bxc6 40. Kd4 Rf7 41. Ke4 Re7+ 42. Kd3 Rf7 43. Ke4 1/2-1/2

[Event "DVM U16 2014"]
[Site "Magdeburg GER"]
[Date "2014.12.27"]
[Round "2"]
[White "Yang, Daniel"]
[Black "Joeres, Roman"]
[Result "1/2-1/2"]
[Termination "normal"]
[Board "7.4"]
[WhiteElo "1587"]
[BlackElo "1454"]
[WhiteTeam "SG Porz"]
[BlackTeam "Karlsruher SF 1853"]
[PlyCount "76"]
[WhiteFideId "12946273"]
[BlackFideId "12964816"]
[EventCountry "GER"]
[EventRounds "7"]
[EventType "team-swiss"]
[EventDate "2014.12.26"]

1. d4 Nf6 2. Nf3 g6 3. g3 c6 4. Bg2 d5 5. O-O Bg7 6. Bf4 O-O 7. Nbd2 b6 8. c4
Bb7 9. Qc2 Nbd7 10. Rad1 Nh5 11. e3 Nxf4 12. exf4 e6 13. cxd5 cxd5 14. Ne5 Nxe5
15. fxe5 Qd7 16. b3 Ba6 17. Rfe1 Rfc8 18. Qb2 Rc6 19. Rc1 Rac8 20. Bf1 Bxf1 21.
Rxf1 Qb7 22. b4 Qc7 23. Nb3 Bf8 24. Rxc6 Qxc6 25. Rc1 Qb7 26. a3 a5 27. Rxc8
Qxc8 28. bxa5 bxa5 29. Nxa5 Qa6 30. Qc3 Qb5 31. Kg2 Qa4 32. Nb7 Qxa3 33. Qc8
Kg7 34. Qc7 Qe7 35. Qc6 Qb4 36. Nd6 Qxd4 37. Qd7 Bxd6 38. exd6 Qe4+ 1/2-1/2

[Event "DVM U16 2014"]
[Site "Magdeburg GER"]
[Date "2014.12.27"]
[Round "2"]
[White "Bauer, Björn-Benny"]
[Black "Geue, Niklas"]
[Result "0-1"]
[Termination "normal"]
[Board "8.1"]
[WhiteElo "1966"]
[BlackElo "1896"]
[WhiteTeam "SK Gau-Algesheim"]
[BlackTeam "USC Magdeburg"]
[PlyCount "68"]
[WhiteFideId "24698741"]
[BlackFideId "12961043"]
[EventCountry "GER"]
[EventRounds "7"]
[EventType "team-swiss"]
[EventDate "2014.12.26"]

1. d4 Nf6 2. c4 g6 3. Nc3 Bg7 4. e4 d6 5. Be2 O-O 6. Nf3 e5 7. d5 a5 8. Bg5 h6
9. Bh4 Na6 10. Nd2 Qe8 11. b3 Nh7 12. a3 f5 13. f3 Bd7 14. Rb1 g5 15. Bf2 f4
16. g4 fxg3 17. hxg3 Nf6 18. g4 h5 19. Nf1 hxg4 20. fxg4 Qc8 21. Ne3 Nc5 22.
Bf3 a4 23. b4 Nb3 24. Nf5 Kf7 25. Be3 Rh8 26. Bxg5 Rxh1+ 27. Bxh1 Qh8 28. Bg2
Bxf5 29. exf5 Qh2 30. Kf2 Nd4 31. Bxf6 Bxf6 32. Ne2 Bh4+ 33. Kf1 Nf3 34. g5 Ne1
0-1

[Event "DVM U16 2014"]
[Site "Magdeburg GER"]
[Date "2014.12.27"]
[Round "2"]
[White "Erlekam, Simon"]
[Black "Wagner, Dominik"]
[Result "0-1"]
[Termination "normal"]
[Board "8.3"]
[WhiteElo "1846"]
[BlackElo "1833"]
[WhiteTeam "SK Gau-Algesheim"]
[BlackTeam "USC Magdeburg"]
[PlyCount "112"]
[WhiteFideId "12921416"]
[BlackFideId "12957380"]
[EventCountry "GER"]
[EventRounds "7"]
[EventType "team-swiss"]
[EventDate "2014.12.26"]

1. e4 e5 2. Nf3 Nc6 3. Bc4 Bc5 4. O-O Nf6 5. c3 Nxe4 6. Qe2 d5 7. Bb5 O-O 8.
Bxc6 bxc6 9. Nxe5 Qf6 10. d4 Bd6 11. f4 c5 12. Nd2 Nxd2 13. Bxd2 Qe7 14. Qf3
Bb7 15. Rae1 Qd8 16. Qe3 f6 17. Ng4 Qd7 18. Qg3 cxd4 19. cxd4 c5 20. Bc3 c4 21.
Qh3 Qc7 22. Ne3 Rae8 23. Qf5 Qf7 24. Rf3 Re4 25. Rh3 g6 26. Qg4 Bc8 27. Qf3
Bxh3 28. Qxh3 Bxf4 29. Qf3 Bxe3+ 30. Rxe3 Rfe8 31. Rxe4 Rxe4 32. Kf2 Qe6 33. g3
Kg7 34. Kf1 Qh3+ 35. Kg1 Qg4 36. Kf2 Qxf3+ 37. Kxf3 f5 38. b4 cxb3 39. axb3 Kf6
40. Kf2 a6 41. Kf3 Ke6 42. Kf2 Kd7 43. Bb2 Kc6 44. Bc3 Kb5 45. Kf3 a5 46. Kf2
a4 47. bxa4+ Kxa4 48. h3 Kb3 49. Ba1 g5 50. Kf1 h5 51. Kf2 Kc2 52. Kf1 f4 53.
gxf4 gxf4 54. Kf2 Re3 55. h4 Rh3 56. Kg1 Ra3 0-1

[Event "DVM U16 2014"]
[Site "Magdeburg GER"]
[Date "2014.12.27"]
[Round "2"]
[White "Hoang, Viet Long"]
[Black "Jusman, Jesse Samuel"]
[Result "1-0"]
[Termination "normal"]
[Board "8.4"]
[WhiteElo "1648"]
[BlackElo "1253"]
[WhiteTeam "USC Magdeburg"]
[BlackTeam "SK Gau-Algesheim"]
[PlyCount "39"]
[WhiteFideId "12964824"]
[BlackFideId "12926043"]
[EventCountry "GER"]
[EventRounds "7"]
[EventType "team-swiss"]
[EventDate "2014.12.26"]

1. e4 c5 2. Nf3 Nc6 3. d4 cxd4 4. Nxd4 e6 5. Be3 a6 6. Nc3 Nf6 7. f3 Qc7 8. Qd2
Bd6 9. O-O-O Bxh2 10. Nxc6 bxc6 11. g4 Be5 12. g5 Ng8 13. f4 Bxc3 14. Qxc3 f6
15. Be2 Bb7 16. Bh5+ g6 17. Bxg6+ Ke7 18. gxf6+ Kd8 19. f7 Ke7 20. Bc5+ 1-0

[Event "DVM U16 2014"]
[Site "Magdeburg GER"]
[Date "2014.12.27"]
[Round "2"]
[White "Berezhnoy, Alex"]
[Black "Thieu, Nguyen Gia Luat"]
[Result "0-1"]
[Termination "normal"]
[Board "9.1"]
[WhiteElo "1723"]
[BlackElo "1677"]
[WhiteTeam "VfSuF Düsseldorf-Süd"]
[BlackTeam "SK Lehrte"]
[PlyCount "106"]
[WhiteFideId "12918997"]
[BlackFideId "12934321"]
[EventCountry "GER"]
[EventRounds "7"]
[EventType "team-swiss"]
[EventDate "2014.12.26"]

1. e4 c5 2. Nf3 Nc6 3. d4 cxd4 4. Nxd4 g6 5. c4 Bg7 6. Be3 Nf6 7. Nc3 O-O 8.
Be2 d6 9. O-O Bd7 10. Kh1 Nxd4 11. Bxd4 Bc6 12. f3 Nd7 13. Bxg7 Kxg7 14. Nd5
Bxd5 15. cxd5 Qb6 16. Qd2 a5 17. Rac1 Rfc8 18. f4 Qb4 19. Qxb4 axb4 20. Bc4 Rc5
21. Rc2 b5 22. Bb3 Rxc2 23. Bxc2 Rxa2 24. Rb1 Nc5 25. e5 Na4 26. Bxa4 bxa4 27.
h3 a3 28. bxa3 bxa3 29. exd6 exd6 30. Rb6 Rb2 31. Ra6 a2 32. Kh2 Kf8 33. Ra7
Ke8 34. Kg3 Kd8 35. Kf3 Kc8 36. f5 Kb8 37. Ra3 Kb7 38. fxg6 fxg6 39. g3 Kb6 40.
Kf4 h6 41. h4 Kc5 42. Ra5+ Kb4 43. Ra8 Kc3 44. h5 gxh5 45. Kf5 Kc2 46. Rc8+ Kb1
47. Ra8 a1=Q 48. Rxa1+ Kxa1 49. Ke6 Rb6 50. Kd7 Kb2 51. Kc7 Ra6 52. Kb7 Ra3 53.
Kc7 Rxg3 0-1

[Event "DVM U16 2014"]
[Site "Magdeburg GER"]
[Date "2014.12.27"]
[Round "2"]
[White "Surguchov, Alexander"]
[Black "Klein, Florian"]
[Result "1-0"]
[Termination "normal"]
[Board "9.3"]
[WhiteElo "1748"]
[BlackElo "1661"]
[WhiteTeam "VfSuF Düsseldorf-Süd"]
[BlackTeam "SK Lehrte"]
[PlyCount "81"]
[WhiteFideId "1272035"]
[BlackFideId "12928810"]
[EventCountry "GER"]
[EventRounds "7"]
[EventType "team-swiss"]
[EventDate "2014.12.26"]

1. d4 Nf6 2. Bf4 d6 3. e3 g6 4. c3 Bg7 5. Nf3 O-O 6. h3 Nbd7 7. Be2 Re8 8. O-O
Nh5 9. Bh2 e5 10. dxe5 Nxe5 11. Nxe5 Bxe5 12. Bxh5 Bxh2+ 13. Kxh2 gxh5 14. Qxh5
Re5 15. Qf3 Rf5 16. Qe2 Qh4 17. Nd2 Rg5 18. Rg1 Bg4 19. Nf3 Qh5 20. Qd3 Rf5 21.
Qe4 Rxf3 22. Qxg4+ Qxg4 23. gxf3 Qg6 24. f4 Kf8 25. Rxg6 fxg6 26. e4 Re8 27.
Re1 Kf7 28. e5 dxe5 29. fxe5 g5 30. Kg3 Kg6 31. f4 h5 32. e6 gxf4+ 33. Kxf4 Kf6
34. e7 c6 35. c4 b6 36. b4 a6 37. a3 b5 38. c5 Kf7 39. Kg5 Rg8+ 40. Kxh5 Ke8
41. h4 1-0

[Event "DVM U16 2014"]
[Site "Magdeburg GER"]
[Date "2014.12.27"]
[Round "2"]
[White "Mao, Yvonne"]
[Black "Scheinhütte, Jakob"]
[Result "0-1"]
[Termination "normal"]
[Board "10.1"]
[WhiteElo "1544"]
[BlackElo "1768"]
[WhiteTeam "SK 1980 Gernsheim"]
[BlackTeam "SV Empor Berlin"]
[PlyCount "92"]
[WhiteFideId "12942561"]
[BlackFideId "24693944"]
[EventCountry "GER"]
[EventRounds "7"]
[EventType "team-swiss"]
[EventDate "2014.12.26"]

1. e4 e6 2. d4 d5 3. Nc3 Bb4 4. Qd3 Nf6 5. e5 Nfd7 6. Nf3 c5 7. dxc5 Bxc5 8.
Be2 Nc6 9. O-O Ndxe5 10. Nxe5 Nxe5 11. Qg3 Ng6 12. Nb5 O-O 13. Bd3 a6 14. Bxg6
hxg6 15. Nc7 Bd6 16. Bf4 Bxf4 17. Qxf4 Ra7 18. Qd4 b6 19. Nxd5 exd5 20. Rad1
Rd7 21. Rd3 Qf6 22. Qb4 Re8 23. Rf3 Qd6 24. Qh4 Re4 25. Qg5 Qe5 26. Qc1 Re7 27.
c3 Re1 28. Qd2 a5 29. Re3 Rxe3 30. fxe3 Qxe3+ 31. Qxe3 Rxe3 32. Kf2 Re4 33. Rd1
Bb7 34. Rd3 Kf8 35. Rh3 Ba6 36. Rh8+ Ke7 37. Ra8 Bd3 38. Ra7+ Ke6 39. Rb7 Re2+
40. Kg3 Rxb2 41. Kh3 b5 42. Rb6+ Kf5 43. Rb7 Kf6 44. Rb6+ Kg5 45. Rd6 Be4 46.
Rd7 Bf5+ 0-1

[Event "DVM U16 2014"]
[Site "Magdeburg GER"]
[Date "2014.12.27"]
[Round "2"]
[White "Feyer, Leon"]
[Black "Müller, Tobias"]
[Result "1-0"]
[Termination "normal"]
[Board "10.2"]
[WhiteElo "1824"]
[BlackElo "1473"]
[WhiteTeam "SV Empor Berlin"]
[BlackTeam "SK 1980 Gernsheim"]
[PlyCount "109"]
[WhiteFideId "12957240"]
[BlackFideId "12947334"]
[EventCountry "GER"]
[EventRounds "7"]
[EventType "team-swiss"]
[EventDate "2014.12.26"]

1. e4 e5 2. Nf3 Nc6 3. Bb5 g6 4. O-O Bg7 5. Re1 Nge7 6. c3 O-O 7. d3 a6 8. Ba4
d6 9. Nbd2 Kh8 10. Nf1 f5 11. h3 b5 12. Bb3 Na5 13. Bc2 Bb7 14. Bd2 fxe4 15.
dxe4 Nc4 16. Bc1 Ng8 17. Ne3 Nb6 18. Ng4 Nf6 19. Nxf6 Bxf6 20. Bh6 Bg7 21. Qc1
Nd7 22. Bxg7+ Kxg7 23. Qe3 Qe7 24. b4 Rf6 25. Nd2 Nb6 26. Bb3 Raf8 27. f3 c5
28. a3 c4 29. Qxb6 cxb3 30. Nxb3 d5 31. Qc5 Qf7 32. exd5 Rc8 33. Qe3 Qxd5 34.
Nc5 Re8 35. Rad1 Qc6 36. Rd7+ Rf7 37. Rxf7+ Kxf7 38. Qg5 e4 39. Qf4+ Kg7 40.
Rxe4 Rxe4 41. fxe4 Bc8 42. Qe5+ Kf7 43. Kf2 Qb6 44. Qh8 Qf6+ 45. Qxf6+ Kxf6 46.
h4 h6 47. Ke3 Ke5 48. Nd3+ Kd6 49. Kf4 Ke6 50. g4 Kd6 51. g5 h5 52. Ne5 Ke6 53.
Nxg6 Bb7 54. Ne5 Ba8 55. Nd3 1-0

[Event "DVM U16 2014"]
[Site "Magdeburg GER"]
[Date "2014.12.27"]
[Round "2"]
[White "Le, Kim Anh"]
[Black "Denkert, Anna"]
[Result "0-1"]
[Termination "normal"]
[Board "10.3"]
[WhiteElo "1269"]
[BlackElo "1716"]
[WhiteTeam "SK 1980 Gernsheim"]
[BlackTeam "SV Empor Berlin"]
[PlyCount "54"]
[WhiteFideId "12947342"]
[BlackFideId "12938122"]
[EventCountry "GER"]
[EventRounds "7"]
[EventType "team-swiss"]
[EventDate "2014.12.26"]

1. e4 c6 2. d4 d5 3. Nc3 dxe4 4. Nxe4 Bf5 5. Ng3 Bg6 6. Nf3 Nd7 7. Bd3 Bxd3 8.
Qxd3 Ngf6 9. Bf4 e6 10. O-O-O Nd5 11. Be5 Nxe5 12. Nxe5 a6 13. Rhf1 Be7 14. f4
Qa5 15. Qb3 b5 16. Kb1 c5 17. c4 bxc4 18. Nxc4 Qc7 19. Ne5 O-O 20. dxc5 Rfb8
21. Qc2 a5 22. Nf5 Bf6 23. Rf3 Nxf4 24. Ne7+ Bxe7 25. Rxf4 Qxe5 26. Rc4 Bf6 27.
b3 Qa1# 0-1

[Event "DVM U16 2014"]
[Site "Magdeburg GER"]
[Date "2014.12.27"]
[Round "2"]
[White "Topaj, Dan"]
[Black "Rothermel, Henrik"]
[Result "0-1"]
[Termination "normal"]
[Board "10.4"]
[WhiteElo "1379"]
[BlackElo "1447"]
[WhiteTeam "SV Empor Berlin"]
[BlackTeam "SK 1980 Gernsheim"]
[PlyCount "104"]
[WhiteFideId "24693979"]
[BlackFideId "12947369"]
[EventCountry "GER"]
[EventRounds "7"]
[EventType "team-swiss"]
[EventDate "2014.12.26"]

1. Nf3 Nc6 2. g3 Nf6 3. Bg2 e5 4. O-O d5 5. d3 h6 6. e4 d4 7. Nbd2 Be6 8. Re1
Qd7 9. b3 Bb4 10. Bb2 Bg4 11. Rc1 O-O-O 12. a3 Bc5 13. b4 Bb6 14. Nb3 g5 15. c3
dxc3 16. Rxc3 h5 17. Qd2 Bxf3 18. Bxf3 Bd4 19. Nxd4 Nxd4 20. Be2 Nxe4 21. Qe3
Nxc3 22. Bxc3 Nxe2+ 23. Qxe2 f6 24. Rd1 h4 25. Qe3 b6 26. Qf3 c6 27. Qxf6 hxg3
28. fxg3 Rdf8 29. Qxg5 Qh3 30. Qd2 Rf3 31. Bxe5 Rhf8 32. Bf4 R3xf4 33. gxf4
Rg8+ 34. Kf2 Rg2+ 35. Ke1 Rxd2 36. Rxd2 Qh4+ 37. Rf2 Qf6 38. b5 Qa1+ 39. Ke2
Qb2+ 40. Ke3 Qxb5 41. h4 Qc5+ 42. Kf3 Qxa3 43. h5 Qxd3+ 44. Kg4 Qd1+ 45. Rf3
Qd7+ 46. f5 c5 47. h6 Kd8 48. Kg5 Ke8 49. f6 Qd5+ 50. Rf5 Qg2+ 51. Kh5 Kf7 52.
Rf4 Qg6+ 0-1

[Event "DVM U16 2014"]
[Site "Magdeburg GER"]
[Date "2014.12.28"]
[Round "3"]
[White "Herzum, Peter"]
[Black "Kololli, Kevin"]
[Result "1-0"]
[Termination "normal"]
[Board "1.1"]
[WhiteElo "2024"]
[BlackElo "2178"]
[WhiteClock "00:43:59"]
[BlackClock "01:07:50"]
[WhiteTeam "Düsseldorfer SK"]
[BlackTeam "Lübecker SV"]
[PlyCount "43"]
[WhiteFideId "12919217"]
[BlackFideId "12936863"]
[EventCountry "GER"]
[EventRounds "7"]
[EventType "team-swiss"]
[EventDate "2014.12.26"]

1. e4 c5 2. Nf3 g6 3. Nc3 Bg7 4. d4 cxd4 5. Nxd4 Nc6 6. Nb3 Nf6 7. Be2 O-O 8.
O-O a5 9. a4 d6 10. Be3 Nb4 11. f3 Be6 12. Nd4 Rc8 13. Nxe6 fxe6 14. f4 Nxe4
15. Nxe4 Nxc2 16. Qd3 Nxa1 17. Rxa1 Rc6 18. Ng5 Qc8 19. Bg4 d5 20. Bxe6+ Rxe6
21. Qxd5 Rff6 22. Rc1 1-0

[Event "DVM U16 2014"]
[Site "Magdeburg GER"]
[Date "2014.12.28"]
[Round "3"]
[White "Kololli, Martin"]
[Black "Savchenko, Daniel"]
[Result "1-0"]
[Termination "normal"]
[Board "1.2"]
[WhiteElo "2136"]
[BlackElo "1817"]
[WhiteClock "00:51:15"]
[BlackClock "00:28:45"]
[WhiteTeam "Lübecker SV"]
[BlackTeam "Düsseldorfer SK"]
[PlyCount "81"]
[WhiteFideId "12936910"]
[BlackFideId "12919195"]
[EventCountry "GER"]
[EventRounds "7"]
[EventType "team-swiss"]
[EventDate "2014.12.26"]

1. e4 d5 2. exd5 Qxd5 3. Nc3 Qd6 4. Bc4 Nf6 5. d3 a6 6. Qf3 Nc6 7. Ne4 Qe5 8.
Ne2 Bd7 9. O-O e6 10. Bf4 Qa5 11. Bd2 Qf5 12. Qxf5 exf5 13. Nxf6+ gxf6 14. Nf4
O-O-O 15. Bxf7 Bd6 16. Ne6 Bxe6 17. Bxe6+ Kb8 18. Bc3 Be5 19. f4 Bd4+ 20. Kh1
Rhe8 21. Rae1 Bb6 22. Bxf5 Nd4 23. Bxd4 Bxd4 24. c3 Bf2 25. Re4 Rxe4 26. Bxe4
Bc5 27. Bxh7 Re8 28. Be4 a5 29. g4 Rg8 30. h3 a4 31. Kg2 a3 32. bxa3 Bxa3 33.
Rb1 b6 34. Rb5 Kc8 35. Kf3 Kd8 36. h4 Ke7 37. h5 Rh8 38. Kg3 Bd6 39. Rf5 Kf7
40. Kh4 Kg7 41. g5 1-0

[Event "DVM U16 2014"]
[Site "Magdeburg GER"]
[Date "2014.12.28"]
[Round "3"]
[White "Tiedemann, Fin Niklas"]
[Black "Lückerath, Moritz"]
[Result "0-1"]
[Termination "normal"]
[Board "1.4"]
[WhiteElo "1709"]
[BlackElo "1713"]
[WhiteClock "00:03:23"]
[BlackClock "00:46:11"]
[WhiteTeam "Lübecker SV"]
[BlackTeam "Düsseldorfer SK"]
[PlyCount "60"]
[WhiteFideId "12936936"]
[BlackFideId "12954810"]
[EventCountry "GER"]
[EventRounds "7"]
[EventType "team-swiss"]
[EventDate "2014.12.26"]

1. e4 c5 2. Nc3 a6 3. g3 b5 4. Bg2 Bb7 5. d3 b4 6. Nce2 e6 7. f4 d5 8. Be3 dxe4
9. Bxe4 Bxe4 10. dxe4 Nc6 11. Nh3 Nf6 12. Nf2 h5 13. O-O Be7 14. c3 O-O 15. Qa4
Qb6 16. Rfd1 Qb5 17. Qxb5 axb5 18. Rd2 Na5 19. Nc1 Nc4 20. Re2 bxc3 21. bxc3
Ra3 22. Nb3 Nxe3 23. Rxe3 Rfa8 24. Nc1 c4 25. Kf1 Bc5 26. Re2 Bxf2 27. Kxf2
Rxc3 28. e5 Nd5 29. Rd2 Rca3 30. Rb1 Nc3 0-1

[Event "DVM U16 2014"]
[Site "Magdeburg GER"]
[Date "2014.12.28"]
[Round "3"]
[White "Bergauz, Noam"]
[Black "Ehmann, Thilo"]
[Result "0-1"]
[Termination "normal"]
[Board "2.1"]
[WhiteElo "2264"]
[BlackElo "2072"]
[WhiteClock "00:10:17"]
[BlackClock "00:43:11"]
[WhiteTeam "SK München Südost"]
[BlackTeam "SF Sasbach"]
[PlyCount "70"]
[WhiteFideId "12938033"]
[BlackFideId "12940968"]
[EventCountry "GER"]
[EventRounds "7"]
[EventType "team-swiss"]
[EventDate "2014.12.26"]

1. e4 c5 2. Nf3 Nc6 3. d4 cxd4 4. Nxd4 g6 5. Nc3 Bg7 6. Be3 Nf6 7. Nxc6 bxc6 8.
e5 Ng8 9. Bd4 c5 10. Bxc5 Qc7 11. Bd4 Bxe5 12. Nb5 Qb8 13. Qd2 Nf6 14. O-O-O
Bxd4 15. Nxd4 O-O 16. h4 h5 17. f3 a5 18. Qe3 Nd5 19. Qg5 Qf4+ 20. Qxf4 Nxf4
21. g3 Nd5 22. g4 Nf6 23. Bh3 e6 24. gxh5 Nxh5 25. Bg4 Nf4 26. Kd2 Ba6 27. Ke3
e5 28. Nb3 d5 29. c3 f5 30. Bh3 Rfb8 31. Rd2 Rc8 32. h5 a4 33. Na1 a3 34. b3
Rxc3+ 35. Kf2 e4 0-1

[Event "DVM U16 2014"]
[Site "Magdeburg GER"]
[Date "2014.12.28"]
[Round "3"]
[White "Riehle, Marco"]
[Black "Müller, Constantin"]
[Result "1-0"]
[Termination "normal"]
[Board "2.2"]
[WhiteElo "2034"]
[BlackElo "2082"]
[WhiteClock "00:32:23"]
[BlackClock "00:13:56"]
[WhiteTeam "SF Sasbach"]
[BlackTeam "SK München Südost"]
[PlyCount "147"]
[WhiteFideId "12904392"]
[BlackFideId "24697630"]
[EventCountry "GER"]
[EventRounds "7"]
[EventType "team-swiss"]
[EventDate "2014.12.26"]

1. e4 e6 2. d4 d5 3. exd5 exd5 4. Nf3 Bd6 5. c4 c6 6. Nc3 Ne7 7. c5 Bc7 8. b4
O-O 9. Bd3 Bf5 10. O-O h6 11. Re1 Bxd3 12. Qxd3 Ng6 13. Ne5 Qh4 14. g3 Nxe5 15.
Rxe5 Qh3 16. Re7 Nd7 17. Bd2 Bd8 18. Re2 Bc7 19. Rae1 Nf6 20. Qf3 b5 21. a4 a5
22. axb5 axb4 23. Nd1 cxb5 24. Ne3 Ra3 25. Qf5 Qxf5 26. Nxf5 b3 27. Rb1 Ra2 28.
Kf1 g6 29. Ne7+ Kg7 30. Rxb3 Re8 31. Bxh6+ Kxh6 32. Rxa2 Rxe7 33. Rxb5 Re6 34.
Ra7 Rc6 35. Rbb7 Ne8 36. Ra8 Re6 37. Rxe8 Rxe8 38. Rxc7 Re4 39. Rxf7 Rxd4 40.
c6 Rc4 41. c7 d4 42. Ke2 Rc3 43. f4 g5 44. fxg5+ Kxg5 45. h3 Kh5 46. Rd7 Kg5
47. Rxd4 Rxc7 48. Rd5+ Kg6 49. Rd3 Kg5 50. Kf3 Rf7+ 51. Kg2 Ra7 52. h4+ Kg4 53.
Rd4+ Kh5 54. Rd5+ Kg6 55. g4 Ra3 56. Rf5 Rb3 57. Rf3 Rb2+ 58. Kg3 Rb4 59. Ra3
Rc4 60. h5+ Kg5 61. Ra5+ Kh6 62. Ra6+ Kg7 63. Rg6+ Kh7 64. Rf6 Kg7 65. Rf4 Rc5
66. Kh4 Rc1 67. Ra4 Rc5 68. Ra7+ Kg8 69. h6 Rc1 70. g5 Rh1+ 71. Kg4 Rb1 72. Kh5
Rb6 73. Ra8+ Kf7 74. h7 1-0

[Event "DVM U16 2014"]
[Site "Magdeburg GER"]
[Date "2014.12.28"]
[Round "3"]
[White "Leeb, Simon"]
[Black "Bohnert, Dominik"]
[Result "0-1"]
[Termination "normal"]
[Board "2.3"]
[WhiteElo "2000"]
[BlackElo "2054"]
[WhiteClock "00:16:42"]
[BlackClock "00:05:57"]
[WhiteTeam "SK München Südost"]
[BlackTeam "SF Sasbach"]
[PlyCount "156"]
[WhiteFideId "12924768"]
[BlackFideId "12918075"]
[EventCountry "GER"]
[EventRounds "7"]
[EventType "team-swiss"]
[EventDate "2014.12.26"]

1. d4 Nf6 2. c4 e5 3. dxe5 Ng4 4. Bf4 g5 5. Bg3 Nc6 6. Nf3 Bg7 7. Qd5 d6 8. Nc3
Ngxe5 9. Nxe5 Nxe5 10. O-O-O Be6 11. Qb5+ Kf8 12. e3 a6 13. Qb4 b6 14. Be2 Nc6
15. Qa3 Ne5 16. Nd5 h5 17. h4 g4 18. Rd2 Bxd5 19. Rxd5 Qe7 20. Rhd1 f5 21. R1d4
Kg8 22. Rf4 Rf8 23. Kb1 a5 24. Qb3 Rf7 25. Bd3 c6 26. Rdd4 Nxd3 27. Rxd3 Be5
28. c5 Bxf4 29. cxd6 Bxd6 30. Rxd6 Rhh7 31. Re6 Qd7 32. Rd6 Qe7 33. a3 Rhg7 34.
Re6 Qd7 35. Be5 a4 36. Qc4 Qd1+ 37. Ka2 Qb3+ 38. Qxb3 axb3+ 39. Kxb3 Re7 40.
Rxe7 Rxe7 41. Bf4 Kf7 42. Kc2 Rd7 43. Be5 Ke6 44. Bd4 c5 45. Bc3 b5 46. Be1 Ke5
47. Ba5 Ke4 48. Bb6 Rd5 49. Bc7 Rd7 50. Bb6 Kd5 51. Ba5 Ra7 52. Bc3 Ra4 53. Kd3
g3 54. fxg3 Rg4 55. Be1 Rg8 56. e4+ fxe4+ 57. Ke3 Ke5 58. Bf2 Rd8 59. Ke2 c4
60. Be3 Rd3 61. g4 hxg4 62. h5 Kf5 63. h6 Kg6 64. Bf4 Rb3 65. Be5 Rd3 66. Bf4
g3 67. Bd2 Rd7 68. Bc1 Kh7 69. Ke3 Rd1 70. Bd2 Kxh6 71. Bc3 Kg5 72. Kxe4 Kg4
73. Bd4 Rd2 74. Kd5 Rxg2 75. Kc5 Rd2 76. Bc3 Rd3 77. Be5 g2 78. Bh2 Rb3 0-1

[Event "DVM U16 2014"]
[Site "Magdeburg GER"]
[Date "2014.12.28"]
[Round "3"]
[White "Zimmer, Raphael"]
[Black "Huber, Benedikt"]
[Result "1-0"]
[Termination "normal"]
[Board "2.4"]
[WhiteElo "1842"]
[BlackElo "1798"]
[WhiteTeam "SF Sasbach"]
[BlackTeam "SK München Südost"]
[PlyCount "77"]
[WhiteFideId "12978841"]
[BlackFideId "12923583"]
[EventCountry "GER"]
[EventRounds "7"]
[EventType "team-swiss"]
[EventDate "2014.12.26"]

1. e4 e6 2. d4 d5 3. exd5 exd5 4. Nf3 Nc6 5. c4 Nf6 6. Nc3 Bb4 7. cxd5 Nxd5 8.
Qc2 O-O 9. Be2 Bg4 10. Ng5 Nf6 11. Bxg4 Nxd4 12. Qd3 h6 13. Nf3 Re8+ 14. Kf1
Bxc3 15. bxc3 Nb3 16. Bf5 Nxa1 17. g3 c5 18. Kg2 Qa5 19. Bb2 Qxa2 20. Bxa1 c4
21. Qb1 Qa6 22. Nd4 Rab8 23. Bb2 b5 24. h4 Qb7+ 25. Kh2 a5 26. g4 g6 27. g5 Ne4
28. Qg1 Qc7+ 29. Kh3 Qf4 30. f3 Nc5 31. Bc1 Qd6 32. h5 Kh8 33. hxg6 fxg6 34.
Qg4 Qb6 35. Kg2 h5 36. Rxh5+ gxh5 37. Qxh5+ Kg8 38. Qh7+ Kf8 39. g6 1-0

[Event "DVM U16 2014"]
[Site "Magdeburg GER"]
[Date "2014.12.28"]
[Round "3"]
[White "Birnkraut, Tim"]
[Black "Kretzschmar, Arnd"]
[Result "1-0"]
[Termination "normal"]
[Board "3.2"]
[WhiteElo "1954"]
[BlackElo "1896"]
[WhiteTeam "SF Brackel 1930"]
[BlackTeam "USV Halle"]
[PlyCount "109"]
[WhiteFideId "24609587"]
[BlackFideId "12914835"]
[EventCountry "GER"]
[EventRounds "7"]
[EventType "team-swiss"]
[EventDate "2014.12.26"]

1. e4 c5 2. c3 g6 3. Nf3 Bg7 4. Bc4 e6 5. Qe2 Nc6 6. O-O Nge7 7. e5 O-O 8. d4
cxd4 9. cxd4 d6 10. Nc3 dxe5 11. dxe5 Nd4 12. Qe4 Nec6 13. Nxd4 Qxd4 14. Qxd4
Nxd4 15. Bf4 a6 16. Rad1 Nc6 17. Rfe1 b5 18. Bb3 Rd8 19. Rxd8+ Nxd8 20. Ne4 a5
21. Rc1 Ba6 22. Nc5 Bf8 23. Bd1 Bxc5 24. Rxc5 Rc8 25. Rxc8 Bxc8 26. Bd2 Nc6 27.
f4 b4 28. Kf2 f6 29. exf6 Kf7 30. Ke3 Kxf6 31. a3 bxa3 32. bxa3 Ke7 33. Ba4 Kd6
34. Bc3 Ba6 35. h4 Bf1 36. g3 Bh3 37. Bc2 Bg4 38. Be4 Bd1 39. Kd2 Bg4 40. Ke3
Bd1 41. Kd3 Kc5 42. Bd2 Bb3 43. Kc3 Bd1 44. Be3+ Kd6 45. Bd3 Ba4 46. Be2 Ne7
47. Bd4 Nc6 48. Bb6 Kd7 49. Bxa5 Nxa5 50. Kb4 Bc6 51. Kxa5 Kc7 52. a4 Kd6 53.
Bb5 Be4 54. Kb6 Ba8 55. a5 1-0